The valuation of leasehold property 2 (Record no. 82393)
[ view plain ]
| 000 -LEADER | |
|---|---|
| fixed length control field | 00895cam a22001935a 4500 |
| 001 - CONTROL NUMBER | |
| control field | L150097 |
| 008 - FIXED-LENGTH DATA ELEMENTS--GENERAL INFORMATION | |
| fixed length control field | 100602s2010 xxk 000 0 eng d |
| 035 ## - SYSTEM CONTROL NUMBER | |
| System control number | (Sirsi) u150097 |
| 041 0# - LANGUAGE CODE | |
| Language code of text/sound track or separate title | eng |
| 100 1# - MAIN ENTRY--PERSONAL NAME | |
| Personal name | French, Nick |
| 245 04 - TITLE STATEMENT | |
| Title | The valuation of leasehold property 2 |
| 260 ## - PUBLICATION, DISTRIBUTION, ETC. | |
| Date of publication, distribution, etc. | 2010 |
| 490 #0 - SERIES STATEMENT | |
| Series statement | Journal of Property Investment and Finance |
| Volume/sequential designation | 28(1), 2010, (4) |
| 520 ## - SUMMARY, ETC. | |
| Summary, etc. | Valuation of leasehold property by the discounted cash flow (DCF) method was examined in part 1 of this study (see L145249). Part 2 compares leasehold and freehold investments from a valuation perspective and summarises the traditional view of leasehold valuation as a sub-set of freehold valuation. Concludes that a DCF approach is the most appropriate valuation method for leaseholds. |
| 590 ## - LOCAL NOTE (RLIN) | |
| Local note | KA |
| 651 #4 - SUBJECT ADDED ENTRY--GEOGRAPHIC NAME | |
| Geographic name | United Kingdom |
| 690 ## - LOCAL SUBJECT ADDED ENTRY--TOPICAL TERM (OCLC, RLIN) | |
| Topical term or geographic name as entry element | PROPERTY-PROPERTY VALUATION AND APPRAISAL |
| 942 ## - ADDED ENTRY ELEMENTS (KOHA) | |
| Suppress in OPAC | 0 |
| Source of classification or shelving scheme | Dewey Decimal Classification |
| Withdrawn status | Lost status | Source of classification or shelving scheme | Damaged status | Not for loan | Home library | Current library | Shelving location | Date acquired | Total Checkouts | Full call number | Barcode | Date last seen | Copy number | Price effective from | Koha item type |
|---|---|---|---|---|---|---|---|---|---|---|---|---|---|---|---|
| Dewey Decimal Classification | London | London | Journal article | 02/06/2010 | L150097 | 150097-1001 | 06/08/2019 | 1 | 06/08/2019 | Journal article |